Cómo leer, estudiar y memorizar rápidamente
Salvato in:
| Autore principale: | |
|---|---|
| Natura: | Libro |
| Lingua: | spagnolo |
| Pubblicazione: |
Madrid
Playor
1995
|
| Edizione: | 13a. ed |
| Serie: | Cómo dominar
|
| Soggetti: | |
| Tags: |
Aggiungi Tag
Nessun Tag, puoi essere il primo ad aggiungerne!!
|
MARC
| LEADER | 00000nam a2200000 a 4500 | ||
|---|---|---|---|
| 001 | UCQ0997 | ||
| 003 | CL-VaPUC | ||
| 008 | 980703e19950000SP |||||||||||||||||spa|d | ||
| 082 | 0 | 4 | |a 372.43 |b MAY |2 21 |
| 100 | |a Mayo, W. J. |e autor |9 414488 | ||
| 245 | 1 | 0 | |a Cómo leer, estudiar y memorizar rápidamente |
| 250 | |a 13a. ed | ||
| 300 | |a 216 p | ||
| 942 | |c BK | ||
| 945 | |d 19980703 00:00:00 |a aalvarez | ||
| 260 | |a Madrid |b Playor |c 1995 | ||
| 650 | 0 | |a Lectura |9 307634 | |
| 650 | 0 | |a Enseñanza de la lectura |9 308364 | |
| 650 | 0 | |a Memoria |9 266549 | |
| 650 | 0 | |a Percepción visual |9 267039 | |
| 650 | 0 | |a Atención |9 312027 | |
| 650 | 0 | |a Mnemotecnia |9 310301 | |
| 650 | 0 | |a Ejercicios |9 269807 | |
| 650 | 7 | |a CONCENTRACION |2 CL-VaPUC |9 414489 | |
| 583 | |a last modification |c 19980703 00:00:00 |k Rodrigo Vera | ||
| 490 | 0 | |a Cómo dominar | |
| 999 | |c 272010 |d 272008 | ||
| 952 | |0 0 |1 0 |4 0 |6 372_430000000000000_MAY_1995 |7 0 |8 A |9 306832 |a BIBEDU |b BIBEDU |d 2019-11-20 |i 3440877 |o 372.43 MAY 1995 |p 3440877 |r 2019-11-20 |w 2019-11-20 |y BK |k BME | ||